1133 1991 1367 1089 1046 1887 1534 1657 1088 1378 1750 1037 1732 1200 1788 1652 1928 1461 1786 1597 1269 1188 1152 1852 1744 1155 1740 1881 1182 1340 1507 1891 1635 1729 1902 1252 1811 1974 1286 1203 1054 1524 1552 1265 1485 1705 1599 1427 1948 1655 1482 1020 1349 1255 1820 1666 1818 1669 1595 1104 1541 1072 1405 1374 1655 1203 1937 1430 1217 1921 1144 1912 1777 1332 1514 1452 1247 1194 1024 1005 1597 1817 1432 1819 1932 1687 1327 1038 1178 1476 1809 1748 1453 1708 1511 1157 1923 1642 1220 BCNSPRNW ULIB Ver.6.0+V

เปลี่ยนเป็นภาษาไทย

Change to English
 แสดงรายละเอียดบรรณานุกรม
  กลับหน้าหลัก

Brief Record : Get Marc (ISO 2709) : E-mail record : QR code < ปิดหน้าต่าง
LEADER : 00000nam a2200000Ia 4500
001    13399125423
003     ULIB
008    161011s2559 th a 000 0 tha d
020    ^a9786162798276
040    ^abra
060 04 ^aWJ752^bว145
100 0  ^aวชิร คชการ
245 10 ^aต่อมลูกหมากโตและมะเร็งต่อมลูกหมาก /^cวชิร คชการ
250    ^aพิมพ์ครั้งที่ 1
260    ^aกรุงเทพฯ :^bคณะแพทยศาสตร์โรงพยาบาลรามาธิบดี มหาวิทยาลัยมหิดล.,^c2559
300    ^a72 หน้า :^bภาพประกอบ ;^c22 ซม.
500    ^aหน้าปก ชื่อเรื่อง : คู่มือความรู้ภาคประชาชน เรื่องต่อมลูกหมากโต
650  2 ^aProstatic Hyperplasia
650  4 ^aต่อมลูกหมาก^xการรักษา
650  4 ^aต่อมลูกหมากโต^xคู่มือ
650  4 ^aต่อมลูกหมาก, โรค
945    ^p90^l0^i24915
945    ^p90^l0^i24916
945    ^p90^l0^i24917
945    ^p90^l0^i24918
945    ^p90^l0^i24919
995    ^aกัณชพร
999    ^aกัณชพร
รายการนี้ยังไม่มีแท็ก
คุณยังไม่ได้ล็อกอิน คุณสามารถมีกิจกรรมร่วมกับเว็บไซต์ได้ แต่ต้องล็อกอินก่อน ::
  ล็อกอิน

รายการสื่อสารสนเทศ

ลำดับที่ ประเภท เลขเรียก/บาร์โค้ด สถานที่ สถานะ
1. หนังสือสำรอง
หนังสือสำรอง
WJ752 ว145 ฉ.1 
  Barcode: 24915
ห้องสมุดวิทยาเขตนครสวรรค์
►หนังสือทั่วไป:l:General Books
บนชั้น
2. วิทยาศาสตร์การแพทย์ และสุขภาพ
วิทยาศาสตร์การแพทย์ และสุขภาพ
WJ752 ว145 ฉ.2 
  Barcode: 24916
ห้องสมุดวิทยาเขตนครสวรรค์
►หนังสือทั่วไป:l:General Books
บนชั้น
3. วิทยาศาสตร์การแพทย์ และสุขภาพ
วิทยาศาสตร์การแพทย์ และสุขภาพ
WJ752 ว145 ฉ.3 
  Barcode: 24917
ห้องสมุดวิทยาเขตนครสวรรค์
►หนังสือทั่วไป:l:General Books
บนชั้น
4. วิทยาศาสตร์การแพทย์ และสุขภาพ
วิทยาศาสตร์การแพทย์ และสุขภาพ
WJ752 ว145 ฉ.4 
  Barcode: 24918
ห้องสมุดวิทยาเขตนครสวรรค์
►หนังสือทั่วไป:l:General Books
บนชั้น
5. วิทยาศาสตร์การแพทย์ และสุขภาพ
วิทยาศาสตร์การแพทย์ และสุขภาพ
WJ752 ว145 ฉ.5 
  Barcode: 24919
ห้องสมุดวิทยาเขตนครสวรรค์
►หนังสือทั่วไป:l:General Books
บนชั้น

รายการใกล้เคียง
    ผู้แต่ง [วชิร คชการ]

    หัวเรื่อง [ต่อมลูกหมาก, โรค]

BibComment


ยังไม่เคยถูกคอมเมนท์

คอมเมนท์ทรัพยากรรายการนี้
  คอมเมนท์: ต่อมลูกหมากโตและ..


 Copyright 2026. Bcnsprnw @Library